| 000 | 00000nam 2200000zi 4500 |
| 001 | 9.884415 |
| 003 | CaOODSP |
| 005 | 20221116150903 |
| 006 | m o d f |
| 007 | cr cn||||||||| |
| 008 | 200207t20202020onca ob f000 0 eng d |
| 020 | |a9780660339894 |
| 040 | |aCaOODSP|beng|erda|cCaOODSP |
| 041 | 0 |aeng|beng|bfre |
| 043 | |an-cn-nf|an-cn-qu|an-cnm-- |
| 086 | 1 |aFs97-18/330E-PDF |
| 100 | 1 |aLefaivre, D., |eauthor. |
| 245 | 00|aRelative risk of contamination by region during hydrocarbon spills in the Gulf of St. Lawrence / |cby Denis Lefaivre, Simon St-Onge Drouin, Alain D'Astous and Simon Senneville. |
| 264 | 1|a[Ottawa] : |bDepartment of Fisheries and Oceans = Pêches et océans Canada, |c2020. |
| 264 | 4|c©2020 |
| 300 | |a1 online resource (v, 11 pages) : |bcolour illustrations. |
| 336 | |atext|btxt|2rdacontent |
| 337 | |acomputer|bc|2rdamedia |
| 338 | |aonline resource|bcr|2rdacarrier |
| 490 | 1 |aCanadian technical report of hydrography and ocean sciences ; |v330 |
| 500 | |aIssued also in French under title: Risque relatif de contamination par région lors de déversements d'hydrocarbures dans le golfe du Saint-Laurent. |
| 504 | |aIncludes bibliographical references (page 11). |
| 520 | 3 |a"The potential risk associated with hydrocarbon spills is not spatially uniform for all coastlines but can be quantified with modeling. Using annual hindcasts of the oceanographic conditions of the Estuary and Gulf of St. Lawrence, the trajectory of particles that mimic a Gulf-wide uniform hydrocarbon spill was computed for the period 2001-2010. The particles were released in the surface layer of a three-dimension circulation model on each grid cell of the model during the ice-free period. The particles drifted from the action of currents and winds for 8 days. The main conclusions are: a) Most of the particles (94%) are still in the Estuary and Gulf of St. Lawrence. b) The coastlines are at risk because 41% of the particles ground. c) All coastline of the Estuary and Gulf of St. Lawrence are at risk. However, the islands in the Gulf are more exposed as well as the regions to the south and to the east. d) Half of the particles (52%) are still in the water. e) The results are similar from one year to another. Now that the risk for all regions has been assessed, it will be possible to plan ship deployment to aid recovery of spilled hydrocarbons and to design protection schemes for coastlines with higher vulnerabilities"--Abstract, page iv. |
| 546 | |aIncludes abstracts in English and French. |
| 650 | 0|aOil spills|xRisk assessment|zSaint Lawrence, Gulf of. |
| 650 | 0|aOil spills|xRisk assessment|zQuébec (Province)|zSaint Lawrence River Estuary. |
| 650 | 0|aOcean circulation|zSaint Lawrence, Gulf of|xComputer simulation. |
| 650 | 0|aOcean circulation|zQuébec (Province)|zSaint Lawrence River Estuary|xComputer simulation. |
| 710 | 1 |aCanada. |bDepartment of Fisheries and Oceans. |
| 775 | 08|tRisque relatif de contamination par région lors de déversements d'hydrocarbures dans le golfe du Saint-Laurent / |w(CaOODSP)9.884416 |
| 830 | #0|aCanadian technical report of hydrography and ocean sciences ;|v330.|w(CaOODSP)9.504781 |
| 856 | 40|qPDF|s1.02 MB|uhttps://publications.gc.ca/collections/collection_2020/mpo-dfo/Fs97-18-330-eng.pdf |